[Event "Championnat de Paris Open A"]
[Site "Paris"]
[Date "2012.07.07"]
[Round "1.30"]
[White "Rakem, Zine-Eddine"]
[Black "Grigorian, Roudolph"]
[Result "0-1"]
[WhiteElo "2139"]
[BlackElo "1944"]
[PlyCount "74"]
[EventDate "2012.??.??"]

1. Nf3 Nf6 2. g3 g6 3. Bg2 Bg7 4. O-O O-O 5. d3 d6 6. e4 e5 7. h3 Nc6 8. c3 h6
9. Re1 Nh7 10. d4 f5 11. dxe5 dxe5 12. Qb3+ Kh8 13. Nh4 Qf6 14. exf5 gxf5 15.
f4 e4 16. Be3 b6 17. Nd2 Be6 18. Qa4 Bd7 19. Bf1 Rfd8 20. Qc2 Be8 21. Nb3 Qe6
22. Bb5 Nb4 23. Qe2 Bxb5 24. Qxb5 Nc2 25. Nxf5 c5 26. g4 Nxa1 27. Rxa1 Rd3 28.
Re1 Rad8 29. Kf2 h5 30. Qa6 hxg4 31. hxg4 Nf6 32. Kg3 Nxg4 33. Kxg4 Qg6+ 34.
Kh3 Qxf5+ 35. Kg3 Bh6 36. Kf2 Qg4 37. Nd2 Rxd2+ 0-1

[Event "Championnat de Paris Open A"]
[Site "Paris"]
[Date "2012.07.07"]
[Round "1.31"]
[White "Raimbault, Pierre"]
[Black "Lambert, Romain"]
[Result "1/2-1/2"]
[WhiteElo "1944"]
[BlackElo "2138"]
[PlyCount "128"]
[EventDate "2012.??.??"]

1. d4 d5 2. c4 e6 3. Nc3 c6 4. e4 dxe4 5. Nxe4 Bb4+ 6. Bd2 Qxd4 7. Bxb4 Qxe4+
8. Ne2 Na6 9. Bf8 Ne7 10. Bxg7 Rg8 11. Qd2 Rxg7 12. O-O-O f6 13. Ng3 Qe5 14. f4
Qc7 15. Ne4 Ng8 16. c5 b6 17. Bxa6 Bxa6 18. Rhe1 Kf8 19. Nd6 Re7 20. Qc3 Rd8
21. g4 bxc5 22. Qxc5 Qb6 23. Qh5 Qb4 24. Re4 Qxd6 25. Rxd6 Rxd6 26. Rb4 Bb5 27.
a4 a5 28. Rb3 Rd1+ 29. Kxd1 Bxa4 30. Kc2 Rb7 31. Qxa5 Bxb3+ 32. Kc3 Rb5 33.
Qd8+ Kf7 34. Qd7+ Ne7 35. g5 fxg5 36. fxg5 Bd5 37. b4 Rb8 38. Qc7 Ra8 39. h4
Ra3+ 40. Kd4 Rb3 41. h5 c5+ 42. bxc5 Ke8 43. c6 Nxc6+ 44. Kc5 Nd8 45. Qxh7 Rc3+
46. Kd4 Rc4+ 47. Ke5 Nf7+ 48. Kf6 Rf4+ 49. Kg7 Nxg5 50. Qg6+ Nf7 51. h6 Ke7 52.
h7 Be4 53. Qh5 Bxh7 54. Kxh7 Kf6 55. Kg8 Ne5 56. Kf8 Ng6+ 57. Ke8 Rf5 58. Qh2 {
=} 58... Rd5 59. Qf2+ Rf5 60. Qd4+ e5 61. Qd8+ Ke6 62. Qd7+ Kf6 63. Qd8+ Ke6
64. Qd7+ Kf6 1/2-1/2

[Event "Championnat de Paris Open A"]
[Site "Paris"]
[Date "2012.07.08"]
[Round "2.1"]
[White "Chanoine, Guillaume"]
[Black "Horvath, Reka"]
[Result "1-0"]
[WhiteElo "2297"]
[BlackElo "2067"]
[PlyCount "101"]
[EventDate "2012.??.??"]

1. e4 c5 2. d4 cxd4 3. c3 d3 4. Bxd3 d6 5. f4 Nf6 6. Nf3 g6 7. O-O Bg7 8. Kh1
Ng4 9. Qe1 h5 10. h3 Nh6 11. Be3 Nc6 12. Nbd2 Bd7 13. a4 Qc7 14. Qf2 f5 15. Nh4
O-O-O 16. Bxa7 Bf6 17. Nhf3 Ng4 18. Qb6 Nxa7 19. Qxa7 Bc6 20. exf5 gxf5 21.
Bxf5+ Bd7 22. Qa8+ Qb8 23. Qxb8+ Kxb8 24. Bxd7 Rxd7 25. hxg4 hxg4+ 26. Kg1 gxf3
27. Rxf3 e5 28. fxe5 Bxe5 29. Kf2 d5 30. Nb3 Bc7 31. Nd4 Bb6 32. Rd1 Rg7 33.
Rd2 Rh2 34. Kg1 Rgh7 35. Rf5 Rh1+ 36. Kf2 Ra1 37. b3 Rc1 38. Rf3 Rhh1 39. Ke2
Rhg1 40. Kd3 Rb1 41. Rf8+ Kc7 42. Nb5+ Kd7 43. Rf7+ Kc8 44. Nd6+ Kd8 45. Nxb7+
Ke8 46. Nd6+ Kd8 47. b4 d4 48. Re2 Rge1 49. Rxe1 Rxe1 50. Nc4 dxc3 51. Nxb6 1-0

[Event "Championnat de Paris Open A"]
[Site "Paris"]
[Date "2012.07.08"]
[Round "2.2"]
[White "Fageot, Julien"]
[Black "Baron, Thierry"]
[Result "0-1"]
[WhiteElo "2069"]
[BlackElo "2274"]
[PlyCount "92"]
[EventDate "2012.??.??"]

1. d4 Nf6 2. Nf3 g6 3. Bf4 Bg7 4. e3 d6 5. Be2 O-O 6. h3 c5 7. c3 Be6 8. Nbd2
Qb6 9. Qc1 Rc8 10. dxc5 Qxc5 11. O-O Bd5 12. Nd4 e5 13. N4b3 Qc6 14. Bg3 a5 15.
a4 Bxg2 16. Bb5 Qd5 17. c4 Bxf1 18. cxd5 Rxc1 19. Rxc1 Bxb5 20. axb5 Nbd7 21.
Rc7 a4 22. Nc1 Nc5 23. e4 Ne8 24. Rxc5 dxc5 25. Nc4 f6 26. f3 Bf8 27. Be1 Nd6
28. Na3 Bh6 29. Nd3 Be3+ 30. Kf1 Bd4 31. Bc3 Kf7 32. Ke2 Ke7 33. Kd2 Rf8 34.
Ke2 b6 35. Kd2 Kd7 36. Ke2 Kc7 37. Kd2 Rg8 38. Ke2 g5 39. Kf1 h5 40. Nf2 Bxf2
41. Kxf2 g4 42. hxg4 hxg4 43. Be1 gxf3 44. Kxf3 Rg1 45. Bf2 Rf1 46. Ke2 Rxf2+
0-1

[Event "Championnat de Paris Open A"]
[Site "Paris"]
[Date "2012.07.08"]
[Round "2.3"]
[White "Toulzac, Pierre-Yves"]
[Black "Ferry, Roger"]
[Result "1-0"]
[WhiteElo "2273"]
[BlackElo "2062"]
[PlyCount "83"]
[EventDate "2012.??.??"]

1. c4 c6 2. e4 d5 3. exd5 cxd5 4. d4 dxc4 5. Bxc4 e6 6. Nf3 Nf6 7. O-O Be7 8.
Qe2 O-O 9. Nc3 Nc6 10. Rd1 Na5 11. Bd3 b6 12. Rb1 Bb7 13. b4 Nc6 14. a3 Rc8 15.
Bb2 Nd5 16. Qe4 g6 17. Rbc1 Bg5 18. Nxg5 Qxg5 19. Nxd5 exd5 20. Qe3 Qf6 21. Be2
Rfe8 22. Qd2 Re7 23. Bf3 Rce8 24. h3 Nd8 25. Rc3 Ne6 26. Bc1 g5 27. g3 h6 28.
b5 Rc7 29. Rxc7 Nxc7 30. Qd3 Re6 31. Kg2 Qe7 32. Bd2 Qe8 33. a4 a6 34. Rc1 Qd8
35. Bg4 Re8 36. h4 axb5 37. hxg5 hxg5 38. Rh1 Ne6 39. Qh7+ Kf8 40. Bb4+ Nc5 41.
Qh8+ Ke7 42. Qe5+ 1-0

[Event "Championnat de Paris Open A"]
[Site "Paris"]
[Date "2012.07.08"]
[Round "2.4"]
[White "Vignier, Pascal"]
[Black "Rabineau, Clement"]
[Result "0-1"]
[WhiteElo "2056"]
[BlackElo "2270"]
[PlyCount "86"]
[EventDate "2012.??.??"]

1. e4 c5 2. Nf3 e6 3. c3 Nf6 4. e5 Nd5 5. d4 cxd4 6. cxd4 d6 7. Bd2 Nc6 8. a3
Qb6 9. Nc3 Nxc3 10. Bxc3 dxe5 11. Nxe5 Nxe5 12. dxe5 Bd7 13. Bd3 Rd8 14. Qe2
Bc6 15. O-O Be7 16. Rad1 O-O 17. Kh1 Rxd3 18. Rxd3 Bb5 19. Rfd1 g6 20. Qe3 Qxe3
21. Rxe3 Rc8 22. h3 Bc5 23. Re4 Bxf2 24. Rd2 Bg3 25. Red4 Rc5 26. Rd8+ Kg7 27.
Bb4 Rc1+ 28. Rd1 Rxd1+ 29. Rxd1 Bxe5 30. b3 h5 31. Be7 Bc6 32. Bc5 a6 33. Bd4
Bxd4 34. Rxd4 e5 35. Rd6 h4 36. Kg1 Kh6 37. Rf6 Bd5 38. b4 Kg5 39. Rd6 Bc6 40.
Kf2 Kf5 41. Rd2 g5 42. Rd6 e4 43. Rd8 Kf4 0-1

[Event "Championnat de Paris Open A"]
[Site "Paris"]
[Date "2012.07.08"]
[Round "2.5"]
[White "Maisuradze, Nino"]
[Black "Lepot, Simon"]
[Result "1-0"]
[WhiteElo "2268"]
[BlackElo "2037"]
[PlyCount "63"]
[EventDate "2012.??.??"]

1. d4 Nf6 2. Nf3 d5 3. c4 c6 4. e3 Bg4 5. cxd5 Bxf3 6. Qxf3 cxd5 7. Nc3 Nc6 8.
Bd3 e6 9. O-O Be7 10. Qh3 O-O 11. f4 Bb4 12. Bd2 g6 13. g4 Bxc3 14. Bxc3 Ne4
15. Bxe4 dxe4 16. f5 Qg5 17. f6 b5 18. Qg3 b4 19. h4 Qd5 20. Be1 Rac8 21. Qf4
Kh8 22. Bg3 b3 23. axb3 Qxb3 24. Qxe4 Qxb2 25. Bd6 Rfd8 26. Qf4 a5 27. Rac1 a4
28. Qh6 Rg8 29. Rxc6 Qe2 30. Rxc8 Qxg4+ 31. Kh2 Qe2+ 32. Kg3 1-0

[Event "Championnat de Paris Open A"]
[Site "Paris"]
[Date "2012.07.08"]
[Round "2.6"]
[White "Denous, Cyprien"]
[Black "Gervasio, Ricardo"]
[Result "1/2-1/2"]
[WhiteElo "2053"]
[BlackElo "2267"]
[PlyCount "102"]
[EventDate "2012.??.??"]

1. e4 e5 2. Nf3 Nc6 3. d4 exd4 4. Nxd4 Bc5 5. Be3 Qf6 6. Nb5 Bxe3 7. fxe3 Kd8
8. N1c3 Nge7 9. Qd2 a6 10. Nd4 Ne5 11. O-O-O d6 12. Be2 Qh6 13. h3 Be6 14. Rhf1
Kd7 15. Nf5 Bxf5 16. exf5 Rhd8 17. Qd4 N7c6 18. Qf4 f6 19. Nd5 Rf8 20. Qxh6
gxh6 21. Rf4 Ne7 22. Nxe7 Kxe7 23. Bc4 Rae8 24. Be6 Kd8 25. Rb4 b6 26. Ra4 a5
27. b4 axb4 28. Rxb4 Ke7 29. Rh4 Nf7 30. Rdd4 Ng5 31. Rxh6 Rh8 32. Rc4 Nxe6 33.
fxe6 c5 34. Rch4 Kxe6 35. Rxh7 Rxh7 36. Rxh7 b5 37. a3 Kd5 38. Kd2 f5 39. Rf7
Ke6 40. Rb7 Rg8 41. Rxb5 Rxg2+ 42. Kc1 Rg3 43. Rb3 Rxh3 44. a4 c4 45. Rc3 d5
46. Kb2 Kd6 47. a5 Kc6 48. a6 Kb6 49. Ra3 Ka7 50. Ra5 Rxe3 51. Rxd5 f4 1/2-1/2

[Event "Championnat de Paris Open A"]
[Site "Paris"]
[Date "2012.07.08"]
[Round "2.7"]
[White "Sochacki, Wojtek"]
[Black "Ainutdinova, Yekaterina"]
[Result "1/2-1/2"]
[WhiteElo "2263"]
[BlackElo "2036"]
[PlyCount "78"]
[EventDate "2012.??.??"]

1. e4 e5 2. Nf3 Nc6 3. d4 exd4 4. Nxd4 Nf6 5. Nxc6 bxc6 6. e5 Qe7 7. Qe2 Nd5 8.
c4 Ba6 9. Nd2 g6 10. Nf3 Bg7 11. Bg5 f6 12. exf6 Qxe2+ 13. Bxe2 Nxf6 14. Be3
Ng4 15. Bd4 Bxd4 16. Nxd4 Ne5 17. f4 Nf7 18. O-O-O O-O-O 19. Bg4 Kb7 20. Nb3 d6
21. Rhe1 Kb6 22. Be6 Rdf8 23. Re3 Nd8 24. c5+ dxc5 25. g3 Re8 26. Rde1 Nxe6 27.
Rxe6 Rxe6 28. Rxe6 Bd3 29. Nd2 c4 30. Nf3 Rd8 31. Ne5 Rd6 32. Re7 h5 33. Nd7+
Kb5 34. Ne5 Kb6 35. Nd7+ Kb7 36. Ne5 Kb6 37. Nd7+ Kb7 38. Ne5 Kb6 39. Nd7+ Kb7
1/2-1/2

[Event "Championnat de Paris Open A"]
[Site "Paris"]
[Date "2012.07.08"]
[Round "2.9"]
[White "Smati, Reda"]
[Black "Manoeuvre, Antoine"]
[Result "0-1"]
[WhiteElo "2049"]
[BlackElo "2247"]
[PlyCount "68"]
[EventDate "2012.??.??"]

1. e4 c6 2. d4 d5 3. e5 a6 4. h3 c5 5. dxc5 e6 6. Qg4 Qc7 7. Nf3 f5 8. Qh5+ g6
9. Qh4 Nd7 10. Qa4 Ne7 11. Bg5 Kf7 12. Be3 h6 13. c4 Nxe5 14. Nbd2 Bg7 15. Be2
f4 16. Bd4 Nxf3+ 17. Nxf3 e5 18. Bc3 d4 19. Ba5 Qxc5 20. Bd3 Qc6 21. Qc2 Bf5
22. Bxf5 Nxf5 23. O-O e4 24. Nd2 b6 25. Bb4 d3 26. Qb3 Nd4 27. Qd1 Rhe8 28. Kh1
Kg8 29. Qg4 e3 30. fxe3 fxe3 31. Nf3 Nc2 32. Bc3 Bxc3 33. bxc3 Nxa1 34. Nd4 e2
0-1

[Event "Championnat de Paris Open A"]
[Site "Paris"]
[Date "2012.07.08"]
[Round "2.10"]
[White "Larrat, Philippe"]
[Black "Durand, Victor"]
[Result "1/2-1/2"]
[WhiteElo "2230"]
[BlackElo "2035"]
[PlyCount "42"]
[EventDate "2012.??.??"]

1. e4 e5 2. Nf3 Nc6 3. Bb5 a6 4. Ba4 Nf6 5. d4 exd4 6. O-O Be7 7. Re1 b5 8. Bb3
d6 9. a4 Bg4 10. h3 Bxf3 11. Qxf3 O-O 12. Qe2 Rb8 13. axb5 axb5 14. c3 dxc3 15.
Nxc3 Nd4 16. Qd1 Nxb3 17. Qxb3 Nd7 18. Nd5 Re8 19. Bf4 Bf8 20. Ra7 Nc5 21. Qf3
c6 {=} 1/2-1/2

[Event "Championnat de Paris Open A"]
[Site "Paris"]
[Date "2012.07.08"]
[Round "2.11"]
[White "Come, Alexandre"]
[Black "Imbert, Christophe"]
[Result "1/2-1/2"]
[WhiteElo "2204"]
[BlackElo "2033"]
[PlyCount "126"]
[EventDate "2012.??.??"]

1. e4 c5 2. Nc3 Nc6 3. Bb5 e6 4. Bxc6 bxc6 5. d3 d5 6. f4 Ba6 7. Nf3 Qb6 8. O-O
Nf6 9. e5 Nd7 10. Kh1 Be7 11. a4 d4 12. Ne4 c4 13. a5 Qc7 14. Nxd4 Nc5 15. Nf2
Rd8 16. Be3 g5 17. Qf3 Rd5 18. dxc4 Bxc4 19. Rfd1 gxf4 20. Bxf4 Rg8 21. b3 Rxd4
22. Rxd4 Bd5 23. Rxd5 cxd5 24. Bg3 Nd7 25. Qe2 Qc3 26. Rf1 Qxa5 27. Nd3 Rg7 28.
Bf4 Bg5 29. Bxg5 Rxg5 30. Qe3 Rf5 31. Re1 h5 32. h3 h4 33. b4 Qc7 34. Qh6 Qc4
35. Qd2 Qd4 36. c3 Qc4 37. Qe3 Qxc3 38. Rc1 Rxe5 39. Qf3 Qa3 40. Rc8+ Ke7 41.
Nxe5 Qa1+ 42. Kh2 Qxe5+ 43. Kg1 Qd4+ 44. Qf2 Qa1+ 45. Kh2 Qe5+ 46. Kh1 Qa1+ 47.
Qg1 Qb2 48. Qe1 Qd4 49. Rc1 Ne5 50. Qc3 Qxc3 51. Rxc3 d4 52. Rc7+ Kd6 53. Rxa7
d3 54. Kg1 Kd5 55. Kf2 Kc4 56. Ra5 f6 57. Ra8 Kd5 58. Ke3 f5 59. Ra5+ Kd6 60.
Ra6+ Kd5 61. Ra5+ Kd6 62. Ra6+ Kd5 63. Ra5+ Kd6 1/2-1/2

[Event "Championnat de Paris Open A"]
[Site "Paris"]
[Date "2012.07.08"]
[Round "2.12"]
[White "Aflalo, Sophie"]
[Black "Ribeiro, Romain"]
[Result "0-1"]
[WhiteElo "2046"]
[BlackElo "2204"]
[PlyCount "52"]
[EventDate "2012.??.??"]

1. e4 c6 2. d4 d5 3. Nc3 dxe4 4. Nxe4 Nf6 5. Ng3 Bg4 6. N1e2 e6 7. Qd3 Nbd7 8.
Bd2 e5 9. O-O-O Be6 10. Kb1 Qb6 11. f4 exd4 12. f5 Bd5 13. Nxd4 O-O-O 14. Bc3
Nc5 15. Qe3 Bd6 16. Nb3 Bxb3 17. cxb3 Nd5 18. Qf3 Nxc3+ 19. Qxc3 Bxg3 20. Rxd8+
Rxd8 21. hxg3 Ne4 22. Qe1 Nf2 23. f6 Nxh1 24. fxg7 Qf2 25. Qc1 Qf5+ 26. Ka1
Nxg3 0-1

[Event "Championnat de Paris Open A"]
[Site "Paris"]
[Date "2012.07.08"]
[Round "2.13"]
[White "Ustianovich, Nazar"]
[Black "Derieux, Christian"]
[Result "1-0"]
[WhiteElo "2197"]
[BlackElo "2027"]
[PlyCount "37"]
[EventDate "2012.??.??"]

1. d4 g6 2. Nf3 Bg7 3. c4 d6 4. Nc3 Nd7 5. e4 c6 6. Bg5 h6 7. Be3 a6 8. Qd2 b5
9. h3 Nb6 10. b3 b4 11. Ne2 c5 12. Rd1 cxd4 13. Bxd4 Nf6 14. Qxb4 Rb8 15. e5
Ne4 16. exd6 Bxd4 17. Rxd4 Nxd6 18. Qc3 O-O 19. c5 1-0

[Event "Championnat de Paris Open A"]
[Site "Paris"]
[Date "2012.07.08"]
[Round "2.14"]
[White "Jaulin, Marc"]
[Black "Fedoryshyn, Ievgenii"]
[Result "0-1"]
[WhiteElo "2046"]
[BlackElo "2188"]
[PlyCount "80"]
[EventDate "2012.??.??"]

1. e4 e6 2. d4 d5 3. Nc3 Nf6 4. Bg5 dxe4 5. Nxe4 Be7 6. Bxf6 Bxf6 7. Nf3 Nd7 8.
Qe2 O-O 9. O-O-O c6 10. Qe3 b5 11. Bd3 a5 12. h4 Be7 13. Nfg5 h6 14. Nf3 b4 15.
Ne5 Qc7 16. Nxd7 Bxd7 17. f4 a4 18. g4 Ra5 19. Nd2 c5 20. g5 h5 21. g6 cxd4 22.
gxf7+ Rxf7 23. Qe4 Raf5 24. Qxd4 Rxf4 25. Ne4 Bc6 26. Rhe1 Bd5 27. b3 axb3 28.
axb3 Bxb3 29. Qe3 Bd5 30. Ng5 Bxg5 31. hxg5 b3 32. Bg6 Rf8 33. Rxd5 exd5 34.
Qe6+ Kh8 35. Qe2 Rh4 36. Qf3 Qd6 37. Qd3 Qa3+ 38. Kd2 Rh2+ 39. Re2 Qb4+ 40. c3
Qf4+ 0-1

[Event "Championnat de Paris Open A"]
[Site "Paris"]
[Date "2012.07.08"]
[Round "2.15"]
[White "Kouptsov, Vladimir"]
[Black "Hoarau, Adrien"]
[Result "1-0"]
[WhiteElo "2188"]
[BlackElo "2019"]
[PlyCount "91"]
[EventDate "2012.??.??"]

1. e4 e6 2. d4 d5 3. Nc3 Bb4 4. Nge2 dxe4 5. a3 Ba5 6. b4 Bb6 7. Nxe4 Nc6 8.
Bb2 Nf6 9. Qd3 Nxe4 10. Qxe4 Qd5 11. Qd3 O-O 12. O-O-O Qg5+ 13. f4 Qg6 14. c4
a6 15. Qc3 Ne7 16. g4 Qe4 17. Rg1 a5 18. b5 a4 19. Qg3 Ng6 20. Qf2 Ne7 21. Nc3
Qg6 22. Bd3 Qh6 23. g5 Qh5 24. Be2 Qg6 25. h4 e5 26. fxe5 c6 27. Bd3 Qe6 28. c5
Ba5 29. Ne4 cxb5 30. Bxb5 Qb3 31. Nd6 Be6 32. Rg3 Qd5 33. Rf1 Bc7 34. Rf3 Bxd6
35. exd6 Nc6 36. Bc3 b6 37. Rf5 Qb3 38. Qb2 Na5 39. c6 Rfd8 40. Bxa5 Rxa5 41.
Qxb3 axb3 42. c7 Rxd6 43. Rxf7 b2+ 44. Kb1 Ra8 45. Re7 g6 46. Rxe6 1-0

[Event "Championnat de Paris Open A"]
[Site "Paris"]
[Date "2012.07.08"]
[Round "2.16"]
[White "Georgelin, Thierry"]
[Black "Castro, John"]
[Result "1/2-1/2"]
[WhiteElo "2045"]
[BlackElo "2183"]
[PlyCount "116"]
[EventDate "2012.??.??"]

1. e4 c5 2. Nf3 Nc6 3. Bb5 d6 4. O-O Bd7 5. d4 cxd4 6. Nxd4 Rc8 7. Re1 Nf6 8.
Bg5 Qb6 9. Be3 Ng4 10. Bxc6 bxc6 11. Na3 Nxe3 12. Rxe3 e5 13. Nf3 Rd8 14. Nc4
Qc7 15. Qe2 Be7 16. Rd1 Be6 17. Ncd2 Rb8 18. b3 O-O 19. c4 a5 20. c5 dxc5 21.
Nc4 f6 22. Qc2 Rb4 23. Nfd2 Rd8 24. Rc1 Qa7 25. Nb2 Rbd4 26. Nf3 R4d7 27. Na4
c4 28. bxc4 Bc5 29. Nxc5 Qxc5 30. h3 Rb8 31. Rb3 Rb4 32. Rc3 Rdb7 33. Qd3 Rb2
34. Qd8+ Kf7 35. R3c2 Rxc2 36. Rxc2 Rd7 37. Qh8 h6 38. Qb8 a4 39. Qa8 a3 40.
Qa4 Ra7 41. Qb3 Qe7 42. Rc3 Qb7 43. Qxb7+ Rxb7 44. Rxa3 Bxc4 45. Rc3 Bxa2 46.
Rxc6 Rb1+ 47. Kh2 Rb2 48. Nh4 Rxf2 49. Rc7+ Ke6 50. Nf5 Rxf5 51. exf5+ Kxf5 {=}
52. Rxg7 h5 53. Kg3 Bc4 54. Kf3 Bd5+ 55. Ke3 Bc6 56. g3 Bg2 57. h4 Bh3 58. Rg8
Bg4 {=} 1/2-1/2

[Event "Championnat de Paris Open A"]
[Site "Paris"]
[Date "2012.07.08"]
[Round "2.17"]
[White "Hanchour, Baroudi"]
[Black "Gretry, Patrice"]
[Result "1/2-1/2"]
[WhiteElo "2180"]
[BlackElo "2016"]
[PlyCount "129"]
[EventDate "2012.??.??"]

1. e4 e5 2. Nf3 Nc6 3. Bc4 Bc5 4. c3 Nf6 5. d4 exd4 6. cxd4 Bb4+ 7. Bd2 Nxe4 8.
Bxb4 Nxb4 9. Bxf7+ Kxf7 10. Qb3+ d5 11. Qxb4 Re8 12. O-O Kg8 13. Nc3 a5 14. Qb3
Bg4 15. Qxd5+ Qxd5 16. Nxd5 Red8 17. Nxc7 Rac8 18. Nb5 Bxf3 19. gxf3 Nd2 20.
Rfd1 Rc2 21. Rac1 Rxb2 22. a4 Nxf3+ 23. Kg2 Nh4+ 24. Kh3 Nf5 25. d5 Rxf2 26. d6
h5 27. Rg1 Nxd6 28. Rgd1 Nf7 29. Rxd8+ Nxd8 30. Rc8 Rf8 31. Rb8 g5 32. Nd6 Kg7
33. Nc4 Rf4 34. Nxa5 Rxa4 35. Rxd8 Rxa5 36. Rd7+ Kf6 37. Rxb7 Ra3+ 38. Kg2 Re3
39. Rb8 Kf5 40. h3 Re5 41. Rf8+ Ke4 42. Rh8 h4 43. Rf8 Rf5 44. Re8+ Kf4 45. Rg8
Ra5 46. Rf8+ Ke5 47. Re8+ Kf6 48. Rf8+ Ke7 49. Rf2 Ke6 50. Re2+ Re5 51. Rf2 Re3
52. Ra2 Ke5 53. Ra5+ Kf4 54. Ra4+ Re4 55. Ra2 Rd4 56. Rf2+ Ke3 57. Rf3+ Ke4 58.
Rf2 Rd3 59. Re2+ Re3 60. Ra2 Rg3+ 61. Kh2 Rd3 62. Rg2 Kf4 63. Rf2+ Ke3 64. Rf5
Rd2+ 65. Kg1 1/2-1/2

[Event "Championnat de Paris Open A"]
[Site "Paris"]
[Date "2012.07.08"]
[Round "2.19"]
[White "Lebrun, Xavier"]
[Black "Preschez, Francois"]
[Result "1-0"]
[WhiteElo "2172"]
[BlackElo "1937"]
[PlyCount "105"]
[EventDate "2012.??.??"]

1. e4 c5 2. Nf3 d6 3. Bb5+ Bd7 4. Bxd7+ Qxd7 5. O-O Nc6 6. c3 Nf6 7. Re1 e6 8.
d4 cxd4 9. cxd4 d5 10. e5 Ne4 11. Nc3 Nxc3 12. bxc3 Na5 13. h4 Be7 14. h5 h6
15. Bf4 O-O 16. Nh2 Qd8 17. Qg4 Kh7 18. Re3 Rg8 19. Rg3 Bg5 20. Bxg5 Qxg5 21.
Qxg5 hxg5 22. Rxg5 Rac8 23. Rg3 Rc7 24. Ng4 Rgc8 25. Rc1 Rc4 26. h6 g6 27. Rf3
R4c7 28. Kh2 Nc4 29. Rc2 a6 30. Re2 b5 31. Kh3 Nb6 32. Ree3 Nc4 33. Re2 Nb6 34.
Kh4 Na4 35. Ree3 Nxc3 36. Rxc3 Rxc3 37. Rxf7+ Kh8 38. Kg5 R3c7 39. Rf6 Re7 40.
Rf3 Kh7 41. Nf6+ Kh8 42. Kxg6 b4 43. g4 Rc3 44. Rf4 Rc8 45. g5 a5 46. Kh5 a4
47. g6 b3 48. axb3 axb3 49. Rf3 Rb8 50. Rg3 Rg7 51. hxg7+ Kxg7 52. Kg5 b2 53.
Rh3 1-0

[Event "Championnat de Paris Open A"]
[Site "Paris"]
[Date "2012.07.08"]
[Round "2.20"]
[White "Carre, Sylvain"]
[Black "Le Fournier, Bastien"]
[Result "0-1"]
[WhiteElo "2150"]
[BlackElo "1932"]
[PlyCount "70"]
[EventDate "2012.??.??"]

1. d4 Nf6 2. Bf4 c5 3. e3 g6 4. c3 d6 5. dxc5 dxc5 6. Qxd8+ Kxd8 7. Na3 Nc6 8.
O-O-O+ Bd7 9. Bc4 Ne4 10. Bxf7 Nxf2 11. Nf3 Kc8 12. Ne5 Bf5 13. Nxc6 bxc6 14.
Be5 Bh6 15. Nc2 Rf8 16. Bc4 Kb7 17. b4 Nxd1 18. Rxd1 Rad8 19. Rxd8 Rxd8 20.
bxc5 Bxc2 21. Kxc2 Bxe3 22. Bd3 Bxc5 23. Bg7 Be3 24. h4 Rg8 25. Be5 Rf8 26. Be4
Bf4 27. Bd4 e5 28. Bc5 Rd8 29. Kb3 Rd2 30. a4 Re2 31. Bf3 Re1 32. Bf2 Rf1 33.
Bc5 Bg3 34. h5 Rxf3 35. hxg6 Rf5 0-1

[Event "Championnat de Paris Open A"]
[Site "Paris"]
[Date "2012.07.08"]
[Round "2.22"]
[White "Quach, Charlie"]
[Black "Leblic, Mathieu"]
[Result "1-0"]
[WhiteElo "2141"]
[BlackElo "1912"]
[PlyCount "111"]
[EventDate "2012.??.??"]

1. d4 d5 2. c4 e6 3. Nc3 Be7 4. Nf3 Nf6 5. Bg5 h6 6. Bh4 O-O 7. e3 b6 8. cxd5
Nxd5 9. Bxe7 Qxe7 10. Nxd5 exd5 11. Bd3 c5 12. Rc1 Be6 13. O-O Nd7 14. Bb1 Rfc8
15. Qd3 g6 16. dxc5 bxc5 17. Qa3 Kf8 18. Qa6 Qf6 19. b4 Kg7 20. Rfd1 Qb2 21.
Nd4 cxd4 22. Rxc8 Rxc8 23. Qxc8 dxe3 24. fxe3 Qxb4 25. Qc7 Bg4 26. Rf1 Qa3 27.
Qf4 Be6 28. h3 Kh7 29. Qd4 Qc5 30. Qxc5 Nxc5 31. Rc1 Ne4 32. Bxe4 dxe4 33. a3
Bd5 34. Rc5 Be6 35. Ra5 Kg7 36. Kf2 Kf6 37. Rxa7 Ke5 38. Ra5+ Kd6 39. Ke2 Kc6
40. Kd2 Kb6 41. Re5 Kc6 42. Kc3 h5 43. Kd4 Bf5 44. h4 Kb6 45. Re7 Be6 46. Kxe4
Kc5 47. Ke5 Ba2 48. Rc7+ Kb6 49. Rc3 Kb5 50. Kd6 Ka4 51. Ke7 Be6 52. e4 Ba2 53.
e5 Bd5 54. g3 Be6 55. Rc6 Bc4 56. Rxc4+ 1-0

[Event "Championnat de Paris Open A"]
[Site "Paris"]
[Date "2012.07.08"]
[Round "2.23"]
[White "Ternault, Mathieu"]
[Black "Ledoux, Alain"]
[Result "1-0"]
[WhiteElo "2130"]
[BlackElo "1910"]
[PlyCount "91"]
[EventDate "2012.??.??"]

1. d4 Nf6 2. c4 e6 3. Nc3 Bb4 4. Qc2 b6 5. e4 Bb7 6. Bd3 Nc6 7. Nf3 d5 8. cxd5
exd5 9. e5 Ne4 10. Bxe4 dxe4 11. Qxe4 Na5 12. Qg4 g6 13. Bg5 h5 14. Qf4 Qd7 15.
O-O Qg4 16. Qf6 Bxf3 17. Qxf3 Qxf3 18. gxf3 Nc6 19. Nd5 Rc8 20. Rac1 Nxd4 21.
Nxc7+ Kd7 22. Rfd1 Bc5 23. Nb5 Ke6 24. Nxd4+ Bxd4 25. Rxd4 Rxc1+ 26. Bxc1 Rc8
27. Bd2 Kxe5 28. Bc3 Ke6 29. Kf1 Rc5 30. Ke2 b5 31. Ke3 a6 32. Bb4 Rc2 33. Bc3
Rc1 34. a4 Rh1 35. axb5 axb5 36. h4 Rh3 37. Re4+ Kd7 38. Bf6 Rh1 39. Re7+ Kd6
40. Rxf7 Ke6 41. Rf8 Re1+ 42. Kf4 Rc1 43. Bc3 Rh1 44. Kg3 Rg1+ 45. Kh2 Rd1 46.
Rf6+ 1-0

[Event "Championnat de Paris Open A"]
[Site "Paris"]
[Date "2012.07.08"]
[Round "2.24"]
[White "Eden, James"]
[Black "Caille, Vincent"]
[Result "1-0"]
[WhiteElo "2129"]
[BlackElo "1903"]
[PlyCount "71"]
[EventDate "2012.??.??"]

1. e4 c5 2. c3 Nf6 3. e5 Nd5 4. d4 cxd4 5. Nf3 Nc6 6. cxd4 d6 7. Bc4 Nb6 8. Bb5
d5 9. Nh4 Bd7 10. Nc3 a6 11. Be2 e6 12. Nf3 Be7 13. O-O O-O 14. Be3 Rc8 15. Rc1
Na5 16. b3 Nc6 17. Nb1 a5 18. Ne1 f5 19. f4 a4 20. Nd3 axb3 21. axb3 Be8 22.
Nc5 Bxc5 23. dxc5 Na8 24. Qd2 Nc7 25. b4 Na7 26. c6 Nxc6 27. b5 Ne7 28. Bc5 Rf7
{=} 29. Qd4 Ng6 30. Bb6 Qd7 31. Qc5 Re7 32. Ba5 Ra8 33. Bxc7 Ra2 34. Bd3 d4 35.
Bd6 Nh4 36. g3 1-0

[Event "Championnat de Paris Open A"]
[Site "Paris"]
[Date "2012.07.08"]
[Round "2.25"]
[White "Daubas, Christophe"]
[Black "Anes, Emmanuel"]
[Result "1/2-1/2"]
[WhiteElo "2023"]
[BlackElo "2125"]
[PlyCount "63"]
[EventDate "2012.??.??"]

1. d4 Nf6 2. c4 g6 3. Nc3 Bg7 4. e4 d6 5. h3 O-O 6. Nf3 e5 7. d5 a5 8. Be2 Na6
9. Bg5 Qe8 10. g4 Nc5 11. Nd2 h6 12. Be3 Nh7 13. Rg1 Ng5 14. Bf1 Bd7 15. Qc2 c6
16. O-O-O Rc8 17. h4 Nh7 18. Nb3 Nxb3+ 19. axb3 c5 20. Be2 Qe7 21. Qd2 g5 22.
hxg5 Nxg5 23. Rh1 Ra8 24. Bxg5 Qxg5 25. Qxg5 hxg5 26. Kc2 Bf6 27. Rh6 Kg7 28.
Rdh1 Rh8 29. Rxh8 Rxh8 30. Rxh8 Kxh8 31. Bd1 Kg7 32. Kb1 {=} 1/2-1/2

[Event "Championnat de Paris Open A"]
[Site "Paris"]
[Date "2012.07.08"]
[Round "2.26"]
[White "Massip, Julien"]
[Black "Leclercq, Benoit"]
[Result "0-1"]
[WhiteElo "2022"]
[BlackElo "2123"]
[PlyCount "116"]
[EventDate "2012.??.??"]

1. e4 c5 2. Nf3 Nc6 3. d4 cxd4 4. Nxd4 e5 5. Nb5 a6 6. Nd6+ Bxd6 7. Qxd6 Qe7 8.
Qd1 d6 9. Nc3 Be6 10. Be2 h6 11. O-O Nf6 12. f4 exf4 13. Bxf4 Ne5 14. Nd5 Bxd5
15. exd5 O-O 16. Qd2 Rae8 17. Rae1 Qd8 18. c4 Ne4 19. Qd4 f5 20. b4 Qf6 21.
Bxe5 Qxe5 22. Qxe5 Rxe5 23. Bd3 Rfe8 24. Rc1 b6 25. Rfd1 Kf8 26. a4 a5 27. bxa5
bxa5 28. Rf1 g6 29. g4 Kg7 30. gxf5 gxf5 31. Rb1 Nd2 32. Rb7+ Kf6 33. Rd1 Nf3+
34. Kg2 Re3 35. Bb1 Nh4+ 36. Kf1 Rf3+ 37. Kg1 Rg8+ 38. Kh1 Rf2 39. Rb3 Nf3 40.
Rxf3 Rxf3 41. Bd3 Ke5 42. Bf1 Rg6 43. Re1+ Kd4 44. Rd1+ Kc5 45. Ra1 Rf2 46. Rc1
Rg4 47. Rb1 Rd2 48. Rb5+ Kd4 49. Rb1 Ke3 50. Bh3 Rh4 51. Bg2 Rxc4 52. Rb3+ Rd3
53. Rb1 Rxa4 54. Re1+ Kd2 55. Rf1 f4 56. Rf2+ Ke1 57. Rf1+ Ke2 58. Rb1 Rd1+ 0-1